[Event "48th Bosna it"]
[Site "Sarajevo BIH"]
[Date "2018.05.06"]
[Round "2.12"]
[White "Blagojevic, Dragisa"]
[Black "Hadzovic, Amir"]
[Result "1/2-1/2"]
[WhiteElo "2483"]
[BlackElo "2287"]
[EventDate "2018.05.05"]
[PlyCount "129"]

1.d4 Nf6 2.c4 e6 3.Nf3 d5 4.g3 Bb4+ 5.Bd2 Bd6 6.Nc3 c6 7.Qc2 dxc4 8.e4 Be7
9.Bxc4 O-O 10.O-O b6 11.Rad1 Ba6 12.b3 Qc8 13.Bf4 Nbd7 14.Qe2 Bxc4 15.bxc4
Bb4 16.Nb1 Re8 17.e5 Nh5 18.Bd2 Bxd2 19.Nfxd2 g6 20.Ne4 Qa6 21.g4 f5 22.
gxh5 fxe4 23.hxg6 hxg6 24.Nc3 Kg7 25.Nxe4 Rh8 26.Ng5 Rae8 27.f4 Nf8 28.Rf3
Re7 29.Qc2 Qa5 30.Qb2 Qa6 31.Qc2 Qa5 32.Qb2 Qa6 33.Qb3 Rh4 34.Kg2 Nh7 35.
Kg3 Rh5 36.h4 Nf8 37.Rfd3 Qc8 38.Qb2 Nd7 39.Qg2 Qh8 40.Qxc6 Rxh4 41.Nxe6+ 
Kf7 42.Ng5+ Kg7 43.Qg2 Rf7 44.Rf1 Rf5 45.Nh3 Qh5 46.Kh2 Rhxf4 47.Rxf4 Rxf4
48.Qd2 Rh4 49.Rg3 Qf5 50.Qe3 Qc2+ 51.Rg2 Qf5 52.Rg3 Qc2+ 53.Kh1 Qd1+ 54.
Qg1 Qxg1+ 55.Kxg1 Rxd4 56.e6 Nf6 57.Ra3 a5 58.Rb3 Rxc4 59.Rxb6 Nd5 60.Rb5 
Ne7 61.Rxa5 Kf6 62.Ra6 Re4 63.Nf2 Rxe6 64.Ne4+ Ke5 65.Rxe6+ 1/2-1/2

[Event "48th Bosna it"]
[Site "Sarajevo BIH"]
[Date "2018.05.06"]
[Round "2.13"]
[White "Schreiner, Peter"]
[Black "Hodzic, Nihad"]
[Result "1-0"]
[WhiteElo "2473"]
[BlackElo "2280"]
[EventDate "2018.05.05"]
[PlyCount "63"]

1.d4 d5 2.c4 c6 3.Nf3 Nf6 4.Qc2 e6 5.Nbd2 Nbd7 6.g3 b5 7.c5 e5 8.Nxe5 Nxe5
9.dxe5 Nd7 10.Nb3 Nxe5 11.Be3 Be7 12.Bg2 O-O 13.O-O f5 14.Nd4 Bd7 15.Bf4 
Ng6 16.Bd6 Bxd6 17.cxd6 Qb6 18.e3 Rf6 19.b4 Rxd6 20.a4 bxa4 21.Rxa4 Ne5 
22.Rfa1 Rf6 23.b5 Kh8 24.Ra6 Qb7 25.b6 Nc4 26.Rxa7 Rxa7 27.Rxa7 Qc8 28.b7 
Qg8 29.Ra8 Rf8 30.Qa2 Nd6 31.Rxf8 Qxf8 32.Qa8 1-0

[Event "48th Bosna it"]
[Site "Sarajevo BIH"]
[Date "2018.05.06"]
[Round "2.14"]
[White "Obad, Andrija"]
[Black "Kalezic, Blazo"]
[Result "0-1"]
[WhiteElo "2280"]
[BlackElo "2463"]
[EventDate "2018.05.05"]
[PlyCount "114"]

1.e4 e6 2.d4 d5 3.Nd2 a6 4.Ngf3 Nf6 5.Bd3 c5 6.dxc5 Bxc5 7.Qe2 O-O 8.O-O 
Nc6 9.e5 Nd7 10.Nb3 Be7 11.c3 a5 12.a4 Re8 13.Bf4 Nf8 14.Rfe1 Bd7 15.Bc2 
Rc8 16.Nbd4 h6 17.Rad1 g5 18.Bc1 Ng6 19.h4 Kg7 20.hxg5 hxg5 21.Qe3 Nxd4 
22.Nxd4 Rh8 23.Qg3 Rh5 24.Nf3 Qb6 25.Nxg5 Rch8 26.Kf1 Be8 27.Nh3 Qc7 28.
Be3 Bxa4 29.Bxa4 Qc4+ 30.Kg1 Qxa4 31.Rd4 Qc2 32.Bc1 Bc5 33.Rd2 Qf5 34.Rde2
Rxh3 35.gxh3 Rxh3 36.Qg2 Rh4 37.Re3 Bxe3 38.Rxe3 Rg4 39.Rg3 Rxg3 40.Qxg3 
Qxe5 41.f4 Qf5 42.Qe3 Qe4 43.Qg3 a4 44.Qf2 f6 45.Be3 e5 46.fxe5 fxe5 47.
Qg3 Qb1+ 48.Kh2 Qxb2+ 49.Kh3 Qe2 50.Qg5 Qf3+ 51.Kh2 Kf7 52.Qh6 Qe2+ 53.Kg3
Qe1+ 54.Kg4 Qe2+ 55.Kg3 Qd3 56.Kg4 Qe4+ 57.Kg3 Nf4 0-1

[Event "48th Bosna it"]
[Site "Sarajevo BIH"]
[Date "2018.05.06"]
[Round "2.15"]
[White "Sitnic, Adnan"]
[Black "Tratar, Marko"]
[Result "1-0"]
[WhiteElo "2187"]
[BlackElo "2456"]
[EventDate "2018.05.05"]
[PlyCount "49"]

1.e4 c5 2.f4 g6 3.Nf3 Bg7 4.c3 Nf6 5.e5 Nd5 6.d4 cxd4 7.cxd4 d6 8.Nc3 dxe5
9.dxe5 Nxc3 10.Qxd8+ Kxd8 11.bxc3 f6 12.exf6 Bxf6 13.Bd2 Nc6 14.Bd3 Kc7 
15.O-O Rd8 16.Be4 Bf5 17.Rfe1 Bxe4 18.Rxe4 Rd3 19.Rc1 Rad8 20.Be1 Rd1 21.
Rc2 R8d5 22.Kf2 Ra5 23.Nd4 Bxd4+ 24.cxd4 Ra4 25.Rxe7+ 1-0

[Event "48th Bosna it"]
[Site "Sarajevo BIH"]
[Date "2018.05.06"]
[Round "2.16"]
[White "Drasko, Milan"]
[Black "Aleksic, Neven"]
[Result "1-0"]
[WhiteElo "2449"]
[BlackElo "2154"]
[EventDate "2018.05.05"]
[PlyCount "73"]

1.Nf3 Nf6 2.g3 e6 3.Bg2 d5 4.O-O Be7 5.c4 O-O 6.b3 c5 7.Bb2 Nc6 8.e3 b6 9.
Nc3 Bb7 10.cxd5 Nxd5 11.Nxd5 Qxd5 12.d4 Na5 13.dxc5 Bxc5 14.Bc3 Qxd1 15.
Rfxd1 Rfc8 16.Bxa5 bxa5 17.Ne5 Bxg2 18.Kxg2 Be7 19.Rac1 Rxc1 20.Rxc1 Kf8 
21.Rc4 Bb4 22.Nc6 f6 23.Nxb4 axb4 24.Rxb4 Kf7 25.Rb7+ Kg6 26.b4 a5 27.b5 
a4 28.b6 Ra5 29.Re7 e5 30.b7 Rb5 31.a3 h5 32.e4 Rb3 33.h4 Kh6 34.f4 exf4 
35.gxf4 Kg6 36.f5+ Kh6 37.Re8 1-0

[Event "48th Bosna it"]
[Site "Sarajevo BIH"]
[Date "2018.05.06"]
[Round "2.17"]
[White "Nenezic, Danilo"]
[Black "Radovanovic, Nikola"]
[Result "0-1"]
[WhiteElo "2116"]
[BlackElo "2438"]
[EventDate "2018.05.05"]
[PlyCount "76"]

1.e4 c5 2.Nf3 e6 3.d4 cxd4 4.Nxd4 Nf6 5.Nc3 d6 6.Be3 a6 7.f3 b5 8.Qd2 Nbd7
9.g4 h6 10.O-O-O Bb7 11.a3 d5 12.exd5 Nxd5 13.Nxd5 Bxd5 14.Rg1 Rc8 15.Kb1 
Ne5 16.Qf2 Qa5 17.Nb3 Qc7 18.Bf4 Bd6 19.Bxe5 Bxe5 20.Bd3 Bxh2 21.Rh1 Bf4 
22.Rh5 Bg5 23.Qe2 O-O 24.Nd2 f5 25.gxf5 exf5 26.Nb3 Qf4 27.Rh3 Rce8 28.Qf1
Re3 29.Nc5 Rxf3 30.Rxf3 Qxf3 31.Qxf3 Bxf3 32.Rf1 Bg4 33.Nxa6 f4 34.Bxb5 f3
35.Nc5 Bh3 36.Rd1 f2 37.Bf1 Re8 38.Nd3 Bg4 0-1

[Event "48th Bosna it"]
[Site "Sarajevo BIH"]
[Date "2018.05.06"]
[Round "2.18"]
[White "Krishna, C. R. G."]
[Black "Angun, Batu"]
[Result "1-0"]
[WhiteElo "2416"]
[BlackElo "2152"]
[EventDate "2018.05.05"]
[PlyCount "179"]

1.Nf3 Nf6 2.d4 g6 3.Nc3 d5 4.Bf4 Bg7 5.e3 O-O 6.Be2 c5 7.dxc5 Qa5 8.Nd2 
Qxc5 9.Nb3 Qb6 10.a4 Nc6 11.a5 Qd8 12.O-O Bf5 13.g4 e5 14.Bg3 Be6 15.Nc5 
Nxa5 16.Bxe5 Nc6 17.Bg3 Qe7 18.Nxe6 Qxe6 19.Nb5 Rad8 20.Nxa7 Ne5 21.Nb5 
Nexg4 22.Nd4 Qc8 23.Ra3 Qd7 24.c3 h5 25.Qa4 Qc8 26.Qb5 Ne4 27.Ra7 Nxg3 28.
Bxg4 Qxg4 29.hxg3 Bxd4 30.Ra4 Rfe8 31.Rxd4 Re4 32.Rxd5 Rde8 33.Re1 h4 34.
Rd4 Qf3 35.gxh4 Kg7 36.Qe2 Qh3 37.Red1 Qxh4 38.Qf3 Qg5+ 39.Qg2 Qf5 40.Rxe4
Rxe4 41.Rd4 Rxd4 42.exd4 Qb1+ 43.Qf1 Qxb2 44.Qe1 Qb5 45.Qe7 Qd5 46.Qc7 
Qg5+ 47.Kf1 Qc1+ 48.Kg2 Qg5+ 49.Kf3 Qd5+ 50.Ke3 Kf6 51.c4 Qe6+ 52.Kd3 g5 
53.Qh2 Qf5+ 54.Kc3 Qa5+ 55.Kb3 Qb6+ 56.Kc3 Qa5+ 57.Kb3 Qb6+ 58.Kc3 Qa5+ 
59.Kb3 Qb6+ 60.Kc2 Qe6 61.Kc3 Qe1+ 62.Kb3 Qb1+ 63.Ka3 Qc1+ 64.Kb4 Qe1+ 65.
Kb5 Qe8+ 66.Kb6 Qc6+ 67.Ka7 Qxc4 68.Qd6+ Qe6 69.Qd8+ Qe7 70.Qb6+ Kg7 71.d5
Qd7 72.Qxb7 Qa4+ 73.Kb8 Qe8+ 74.Kc7 Qe7+ 75.Kc6 Qe8+ 76.Kd6 Kf6 77.Qb2+ 
Kg6 78.Qc2+ Kg7 79.Qc3+ f6 80.Qc7+ Kg6 81.Qe7 Qb8+ 82.Kc6 Qa8+ 83.Qb7 Qe8+
84.Kd6 Qd8+ 85.Kc5 Qa5+ 86.Kc6 Qa4+ 87.Kc7 Qa5+ 88.Kd7 Qa4+ 89.Qc6 Qa2 90.
Kc8 1-0

[Event "48th Bosna it"]
[Site "Sarajevo BIH"]
[Date "2018.05.06"]
[Round "2.19"]
[White "Kersic, Matej"]
[Black "Runic, Zoran"]
[Result "1/2-1/2"]
[WhiteElo "2109"]
[BlackElo "2408"]
[EventDate "2018.05.05"]
[PlyCount "76"]

1.e4 e5 2.Nf3 d6 3.d4 Nd7 4.c4 Ngf6 5.Nc3 Be7 6.Be2 O-O 7.O-O c6 8.h3 a6 
9.a4 exd4 10.Nxd4 Nc5 11.Qc2 a5 12.Nb3 Nfd7 13.Rd1 Nxb3 14.Qxb3 Nc5 15.Qc2
Qc7 16.Be3 Bf6 17.Bd4 Bxd4 18.Rxd4 Be6 19.Rad1 Rad8 20.h4 f5 21.Bd3 f4 22.
e5 dxe5 23.Bxh7+ Kh8 24.Rxd8 Rxd8 25.Bg6 Bg4 26.f3 Be6 27.Ne4 Rxd1+ 28.
Qxd1 Qe7 29.Nxc5 Qxc5+ 30.Kh2 Qe7 31.Qe1 Bxc4 32.Qxa5 Qxh4+ 33.Kg1 Qe7 34.
Qa8+ Bg8 35.a5 Qe6 36.Be4 Qe7 37.Bg6 Qe6 38.Be4 Qe7 1/2-1/2

[Event "48th Bosna it"]
[Site "Sarajevo BIH"]
[Date "2018.05.06"]
[Round "2.20"]
[White "Ivic, Velimir"]
[Black "Bucan, Eldin"]
[Result "1-0"]
[WhiteElo "2405"]
[BlackElo "2115"]
[EventDate "2018.05.05"]
[PlyCount "117"]

1.e4 d6 2.d4 Nf6 3.Nc3 g6 4.Be3 c6 5.Qd2 b5 6.Bd3 Qc7 7.h3 Nbd7 8.Nf3 Nb6 
9.O-O Bg7 10.Bh6 O-O 11.Qg5 b4 12.Ne2 c5 13.c3 e5 14.Bxg7 Kxg7 15.dxe5 
dxe5 16.cxb4 c4 17.Bc2 Re8 18.Rfd1 h6 19.Qe3 Bb7 20.Nc3 Qe7 21.a3 Bc6 22.
Rd2 Rad8 23.Rad1 Rxd2 24.Rxd2 Nh5 25.Qc5 Qxc5 26.bxc5 Nd7 27.Ba4 Bxa4 28.
Nxa4 Nhf6 29.Rc2 Nxe4 30.Rxc4 f5 31.c6 Ndf6 32.Nc5 Nd6 33.Ra4 Nc8 34.Nd7 
e4 35.Nfe5 Re7 36.Rb4 Nd5 37.Rb8 Nd6 38.Ra8 f4 39.Rxa7 e3 40.fxe3 fxe3 41.
Ra4 Nf7 42.Re4 Nxe5 43.Rxe5 Kf7 44.Kf1 Rxe5 45.Nxe5+ Ke6 46.Nc4 Kf5 47.Ke2
Ke4 48.Nxe3 Nf4+ 49.Kd2 Ne6 50.b4 Kd4 51.a4 h5 52.b5 Kc5 53.Kc3 Nc7 54.Nc4
g5 55.Ne5 Nd5+ 56.Kb3 Kb6 57.Nd7+ Kc7 58.a5 g4 59.a6 1-0

[Event "48th Bosna it"]
[Site "Sarajevo BIH"]
[Date "2018.05.06"]
[Round "2.21"]
[White "Maksimovic, Masa"]
[Black "Manea, Alexandru"]
[Result "0-1"]
[WhiteElo "2087"]
[BlackElo "2402"]
[EventDate "2018.05.05"]
[PlyCount "164"]

1.e4 c5 2.Nf3 a6 3.c4 b6 4.Nc3 Bb7 5.d4 cxd4 6.Nxd4 e6 7.Be2 Qc7 8.O-O Nf6
9.Qc2 Bb4 10.f3 Bc5 11.Be3 e5 12.Nf5 g6 13.b4 Bxb4 14.Ng3 Bc5 15.Qd2 Bxe3+
16.Qxe3 Qc5 17.Qf2 d6 18.Na4 Qxf2+ 19.Kxf2 Nbd7 20.Rab1 Kd8 21.Nxb6 Ra7 
22.Rfd1 Kc7 23.Nd5+ Bxd5 24.cxd5 Nc5 25.Nf1 Nfd7 26.Nd2 f5 27.Rdc1 Rf8 28.
Ke3 Raa8 29.Nc4 Rab8 30.Na5 Rxb1 31.Rxb1 Nf6 32.Nb3 fxe4 33.Nxc5 Nxd5+ 34.
Kxe4 Nf6+ 35.Ke3 dxc5 36.Bxa6 Nd5+ 37.Kf2 Ra8 38.Bc4 Nb6 39.Be6 c4 40.Rb2 
Kc6 41.Rc2 Kc5 42.Ke3 Re8 43.Bf7 Rf8 44.Be6 Rf4 45.g3 Rd4 46.f4 exf4+ 47.
gxf4 Rd8 48.Kf3 Rd3+ 49.Kg4 Nd5 50.Kg5 c3 51.f5 Ne3 52.fxg6 hxg6 53.Rc1 
Nd5 54.Bf7 Nb4 55.a3 Nd5 56.Bxg6 Rh3 57.Rc2 Kd4 58.Kg4 Rh8 59.Kg5 Ne3 60.
Rf2 Rg8 61.Kh5 Rc8 62.Kg5 Rg8 63.Kh5 Ra8 64.Rf4+ Kd5 65.Rf3 Kd4 66.Rf4+ 
Kd5 67.Rf3 c2 68.Bxc2 Nxc2 69.h4 Nd4 70.Rf6 Ke5 71.Rg6 Ne6 72.Kg4 Ra4+ 73.
Kg3 Rxa3+ 74.Kg4 Ra4+ 75.Kg3 Nd4 76.h5 Nf5+ 77.Kf2 Ra2+ 78.Ke1 Ke4 79.Re6+
Kd3 80.Re8 Rh2 81.Kf1 Ne3+ 82.Ke1 Re2# 0-1

[Event "48th Bosna it"]
[Site "Sarajevo BIH"]
[Date "2018.05.06"]
[Round "2.22"]
[White "Marjanovic, Dejan"]
[Black "Pantovic, Dragan"]
[Result "1-0"]
[WhiteElo "2391"]
[BlackElo "2107"]
[EventDate "2018.05.05"]
[PlyCount "61"]

1.d4 d6 2.Nf3 Nf6 3.g3 Nbd7 4.Bg2 e5 5.O-O Be7 6.c4 O-O 7.Nc3 c6 8.Qc2 a6 
9.Rd1 Qc7 10.b3 Re8 11.h3 Bf8 12.e4 b5 13.c5 exd4 14.cxd6 Bxd6 15.Nxd4 Bb7
16.Nf5 Bc5 17.Bf4 Ne5 18.Na4 Bxf2+ 19.Qxf2 bxa4 20.Nd6 Re6 21.Nc4 axb3 22.
axb3 c5 23.Nxe5 Rxe5 24.Qb2 Rae8 25.Bxe5 Rxe5 26.Rd8+ Qxd8 27.Qxe5 h6 28.
Rc1 Qd3 29.Qc3 Qe2 30.Re1 Qa2 31.Bf3 1-0

[Event "48th Bosna it"]
[Site "Sarajevo BIH"]
[Date "2018.05.06"]
[Round "2.23"]
[White "Shah, Rishab"]
[Black "Stoyanov, Tsvetan"]
[Result "0-1"]
[WhiteElo "2084"]
[BlackElo "2373"]
[EventDate "2018.05.05"]
[PlyCount "84"]

1.e4 e5 2.Nf3 Nc6 3.Bb5 a6 4.Ba4 Nf6 5.d3 b5 6.Bb3 Be7 7.Nbd2 d6 8.c3 O-O 
9.Nf1 Na5 10.Bc2 c5 11.Ng3 Re8 12.O-O Bf8 13.d4 cxd4 14.cxd4 exd4 15.Nxd4 
g6 16.a4 b4 17.Bg5 Bg7 18.Nb3 Bb7 19.Qd2 Rb8 20.Rad1 Nc4 21.Qxb4 Qc7 22.
Rd4 Rec8 23.Bd3 Bd5 24.Qc3 Be6 25.Rc1 Ne8 26.Bxc4 Bxd4 27.Qxd4 Bxc4 28.Nd2
Qa5 29.Nf5 gxf5 30.Nxc4 Qxa4 31.Qd3 Rb3 32.Qd5 Rb5 33.Qd3 fxe4 34.Qg3 Rxc4
35.Bh6+ Kh8 36.Re1 Re5 37.Rf1 Qd7 38.Rd1 Qe6 39.Bf4 Rd5 40.Re1 f5 41.b3 
Rc7 42.b4 Nf6 0-1

[Event "48th Bosna it"]
[Site "Sarajevo BIH"]
[Date "2018.05.06"]
[Round "2.24"]
[White "Nestorovic, Lazar"]
[Black "Levar, Nenad"]
[Result "1-0"]
[WhiteElo "2370"]
[BlackElo "2075"]
[EventDate "2018.05.05"]
[PlyCount "49"]

1.e4 c5 2.Nf3 d6 3.d4 cxd4 4.Nxd4 Nf6 5.Nc3 Nc6 6.Bg5 e6 7.Qd2 a6 8.Be2 
Bd7 9.O-O-O Be7 10.f4 O-O 11.Bf3 Rc8 12.Kb1 Qc7 13.Nb3 Rfd8 14.Bxf6 gxf6 
15.Ne2 b5 16.f5 Ne5 17.Nf4 Kh8 18.Nd4 Nc6 19.fxe6 Nxd4 20.Nd5 Nxf3 21.gxf3
Qc5 22.Nxe7 Bxe6 23.Nxc8 Rxc8 24.Rhg1 Qxc2+ 25.Qxc2 1-0

[Event "48th Bosna it"]
[Site "Sarajevo BIH"]
[Date "2018.05.06"]
[Round "2.25"]
[White "Alaz, Ahmet Efekan"]
[Black "Nestorovic, Dejan"]
[Result "1/2-1/2"]
[WhiteElo "2072"]
[BlackElo "2364"]
[EventDate "2018.05.05"]
[PlyCount "92"]

1.f4 d5 2.Nf3 g6 3.g3 Bg7 4.Bg2 c6 5.d3 Nd7 6.c3 Qb6 7.e4 dxe4 8.dxe4 Nc5 
9.Qe2 Be6 10.b4 Na4 11.Qc2 Qb5 12.Be3 Bc4 13.Bd4 Bxd4 14.Nxd4 Qa6 15.e5 
Nh6 16.Bf3 O-O 17.Be2 Bxe2 18.Qxe2 Qb6 19.Qc2 c5 20.bxc5 Nxc5 21.O-O Rac8 
22.Nd2 Ne6 23.Qd3 Rfd8 24.Nf3 Nf5 25.Rab1 Qa5 26.Rfc1 b6 27.Qb5 Qxa2 28.
Nxf5 gxf5 29.Ra1 Qd5 30.Qxd5 Rxd5 31.Rxa7 Kf8 32.Nh4 Nd4 33.Ra2 e6 34.Rd2 
Rcc5 35.Kf2 Nc6 36.Rxd5 Rxd5 37.Nf3 Rb5 38.Nd2 Rb2 39.Ke3 Na5 40.Kd3 Rxd2+
41.Kxd2 Nb3+ 42.Kc2 Nxc1 43.Kxc1 Ke7 44.Kc2 Kd7 45.Kb3 Kc6 46.Kc4 b5+ 
1/2-1/2

[Event "48th Bosna it"]
[Site "Sarajevo BIH"]
[Date "2018.05.06"]
[Round "2.26"]
[White "Bistric, Faruk"]
[Black "Sadikovic, Jasmin"]
[Result "1-0"]
[WhiteElo "2346"]
[BlackElo "2073"]
[EventDate "2018.05.05"]
[PlyCount "101"]

1.e4 c5 2.c4 g6 3.Na3 Bg7 4.g3 Nc6 5.Bg2 d6 6.Ne2 Nf6 7.O-O O-O 8.d3 Rb8 
9.Bd2 Ne8 10.Rb1 Nc7 11.Nc2 b5 12.b3 bxc4 13.bxc4 Rxb1 14.Qxb1 Ne6 15.Qb3 
Ned4 16.Nexd4 Nxd4 17.Nxd4 Bxd4 18.Rb1 Qd7 19.Qc2 h5 20.Bg5 Kg7 21.Qd2 Rh8
22.h4 f6 23.Be3 Bxe3 24.Qxe3 e5 25.Kh2 Rf8 26.Qc1 Rf7 27.Rb2 Qc6 28.f4 Rb7
29.Rf2 Rf7 30.f5 Qe8 31.Bh3 gxf5 32.Bxf5 Bxf5 33.Rxf5 Rb7 34.Qd1 Rb2+ 35.
Kh3 Qg6 36.Rxh5 Rxa2 37.Rf5 Rb2 38.g4 Qh6 39.g5 fxg5 40.Rxg5+ Kf7 41.Qg4 
Rf2 42.Qd7+ Kf8 43.Qd8+ Kf7 44.h5 Qe6+ 45.Kg3 Rf6 46.Rg8 Rf3+ 47.Kxf3 Qh3+
48.Ke2 Qh2+ 49.Ke1 Qh1+ 50.Kd2 Qh2+ 51.Kc3 1-0

[Event "48th Bosna it"]
[Site "Sarajevo BIH"]
[Date "2018.05.06"]
[Round "2.27"]
[White "Marn, Jan"]
[Black "Burovic, Rijad"]
[Result "0-1"]
[WhiteElo "2063"]
[BlackElo "2331"]
[EventDate "2018.05.05"]
[PlyCount "114"]

1.d4 Nf6 2.c4 g6 3.Nc3 Bg7 4.e4 d6 5.Nf3 O-O 6.Be2 e5 7.d5 a5 8.Bg5 Na6 9.
Nd2 Qe8 10.a3 Bd7 11.b3 Kh8 12.O-O Ng8 13.f3 f5 14.Qb1 f4 15.b4 Bf6 16.
Bxf6+ Nxf6 17.c5 dxc5 18.b5 Nb8 19.Nc4 Bc8 20.Na4 Nbd7 21.Nab2 Qe7 22.Nd3 
b6 23.Qb2 Re8 24.g3 fxg3 25.hxg3 Bb7 26.Kg2 Kg8 27.Rh1 Qg7 28.Rh2 Rad8 29.
Rah1 h5 30.Bd1 Re7 31.Bb3 Kh7 32.g4 Rf8 33.Qd2 Ng8 34.d6 Qf6 35.Ne1 cxd6 
36.Nxd6 Nb8 37.gxh5 g5 38.Bxg8+ Rxg8 39.Nf5 Rd7 40.Qe3 Bc8 41.Kf1 Rf7 42.
Rd2 Bxf5 43.exf5 Qxf5 44.Rd6 Nd7 45.Rh2 Nf6 46.Re2 e4 47.Kg2 Nd5 48.Qxe4 
Nf4+ 49.Kf2 Nxe2 50.Kxe2 Qxe4+ 51.fxe4 g4 52.Rxb6 g3 53.Rg6 Rxg6 54.hxg6+ 
Kxg6 55.a4 Kg5 56.Nf3+ Kf4 57.b6 Rb7 0-1

[Event "48th Bosna it"]
[Site "Sarajevo BIH"]
[Date "2018.05.06"]
[Round "2.29"]
[White "Dizdarevic, Emir"]
[Black "Okovic, Edin"]
[Result "1-0"]
[WhiteElo "2458"]
[BlackElo "1879"]
[EventDate "2018.05.05"]
[PlyCount "53"]

1.Nf3 Nf6 2.c4 c5 3.g3 g6 4.b3 Bg7 5.Bb2 Nc6 6.Bg2 O-O 7.O-O d6 8.d4 cxd4 
9.Nxd4 Bd7 10.Qd2 a6 11.Re1 Qc8 12.e4 Bh3 13.Nc3 Bxg2 14.Kxg2 Qg4 15.h3 
Qh5 16.Nd5 Nxd5 17.exd5 Nxd4 18.Bxd4 Bxd4 19.Qxd4 Rae8 20.Re3 e5 21.dxe6 
fxe6 22.Qxd6 Rf6 23.Rd1 Ref8 24.Rd2 Qf5 25.g4 Qg5 26.Rxe6 Rf3 27.Qd5 1-0

[Event "48th Bosna it"]
[Site "Sarajevo BIH"]
[Date "2018.05.06"]
[Round "2.30"]
[White "Ozen, Bahadir"]
[Black "Pleh, Semir"]
[Result "1-0"]
[WhiteElo "2295"]
[BlackElo "1766"]
[EventDate "2018.05.05"]
[PlyCount "47"]

1.g3 g6 2.Bg2 Bg7 3.d3 d5 4.Nf3 c5 5.O-O Nf6 6.Nbd2 O-O 7.e4 Bg4 8.h3 Be6 
9.Ng5 Nc6 10.Nxe6 fxe6 11.c3 b5 12.Nb3 Qb6 13.exd5 exd5 14.Be3 Rac8 15.
Nxc5 Qb8 16.Ne6 Rfe8 17.Re1 Nd8 18.Nxg7 Kxg7 19.Qb3 e6 20.a4 bxa4 21.Qxa4 
Qxb2 22.Rab1 Qxc3 23.Rbc1 Qxd3 24.Rxc8 1-0

[Event "48th Bosna it"]
[Site "Sarajevo BIH"]
[Date "2018.05.06"]
[Round "2.31"]
[White "Bajic, Salko"]
[Black "Sesar, Ivan"]
[Result "0-1"]
[WhiteElo "1715"]
[BlackElo "2122"]
[EventDate "2018.05.05"]
[PlyCount "126"]

1.e4 c5 2.Nf3 d6 3.Bc4 Nc6 4.O-O Nf6 5.d3 e6 6.c3 Be7 7.Re1 O-O 8.d4 Nxe4 
9.Rxe4 d5 10.Bxd5 Qxd5 11.Re1 Rd8 12.Qa4 cxd4 13.cxd4 Nxd4 14.Nxd4 Qxd4 
15.Qxd4 Rxd4 16.Nc3 Bd7 17.Be3 Rc4 18.Red1 Bc6 19.a3 Bf6 20.Rac1 h6 21.h3 
a6 22.Rd2 Rc8 23.f3 Bb5 24.Kf2 Kh7 25.Ra1 Bxc3 26.bxc3 Rxc3 27.a4 Be8 28.
a5 e5 29.Rb1 Bc6 30.Rbd1 Re8 31.Re2 f5 32.Bb6 Bb5 33.Red2 e4 34.Re1 exf3 
35.Rxe8 Bxe8 36.g3 Bc6 37.g4 fxg4 38.hxg4 Kg6 39.Kg3 Kf7 40.Kf2 Rc1 41.Bd8
Rh1 42.Bc7 Ra1 43.Bd8 Ra4 44.Kg3 Ke8 45.Bb6 Ke7 46.Bd8+ Kf7 47.Bb6 g6 48.
Bd8 Ra1 49.Kf2 Ke6 50.Bc7 Bd5 51.Rb2 Ra4 52.Kg3 h5 53.gxh5 gxh5 54.Rh2 
Rg4+ 55.Kf2 Rc4 56.Bb6 Rc2+ 57.Kg1 Rxh2 58.Kxh2 Ke5 59.Kg3 Ke4 60.Kf2 Kd3 
61.Bd8 b5 62.axb6 Bb7 63.Kg3 Ke2 0-1

[Event "48th Bosna it"]
[Site "Sarajevo BIH"]
[Date "2018.05.06"]
[Round "2.32"]
[White "Yerden, Huseyin Eren"]
[Black "Terzic, Enes"]
[Result "1-0"]
[WhiteElo "1975"]
[BlackElo "1716"]
[EventDate "2018.05.05"]
[PlyCount "31"]

1.d4 d5 2.Nf3 Nf6 3.c4 e6 4.g3 Be7 5.Bg2 O-O 6.O-O c6 7.Nc3 b6 8.Ne5 Bb7 
9.e4 dxe4 10.a4 c5 11.d5 exd5 12.cxd5 Bd6 13.Nc4 a6 14.Bg5 h6 15.Bxf6 Qxf6
16.Nxe4 1-0

[Event "48th Bosna it"]
[Site "Sarajevo BIH"]
[Date "2018.05.06"]
[Round "2.33"]
[White "Gazija, Tarik"]
[Black "Trisha, Kanyamarala"]
[Result "0-1"]
[WhiteElo "1528"]
[BlackElo "1932"]
[EventDate "2018.05.05"]
[PlyCount "54"]

1.d4 d5 2.Bf4 e6 3.e3 c5 4.c3 Nf6 5.Bd3 Nc6 6.Nd2 Be7 7.Ngf3 Nh5 8.Bg3 g6 
9.O-O O-O 10.Rc1 cxd4 11.exd4 f6 12.Re1 Nxg3 13.hxg3 a6 14.Re3 b5 15.Qe2 
e5 16.dxe5 Bc5 17.exf6 Bxe3 18.Qxe3 Qxf6 19.Re1 Bg4 20.Kh2 Rad8 21.Rh1 d4 
22.Qh6 dxc3 23.Kg1 Qg7 24.Qh4 cxd2 25.Nxd2 Rxd3 26.Qxg4 Rxd2 27.Qe6+ Qf7 
0-1

[Event "48th Bosna it"]
[Site "Sarajevo BIH"]
[Date "2018.05.06"]
[Round "2.35"]
[White "Zechner, Andrea"]
[Black "Leutic, Ante"]
[Result "1/2-1/2"]
[WhiteElo "1811"]
[BlackElo "2087"]
[EventDate "2018.05.05"]
[PlyCount "116"]

1.d4 d6 2.c4 e5 3.Nf3 e4 4.Ng5 Nf6 5.g3 h6 6.Nh3 Bf5 7.Nc3 c6 8.Qb3 Qc8 9.
Nf4 g5 10.Ng2 Na6 11.h4 g4 12.Ne3 Bh7 13.Bg2 Nc7 14.d5 Bg7 15.O-O O-O 16.
Nc2 Na6 17.Be3 cxd5 18.cxd5 Nc5 19.Qa3 Nfd7 20.Nd4 Nb6 21.b4 Nc4 22.Qc1 
Na6 23.a3 Nxe3 24.Qxe3 Qc4 25.Ndb5 Nc7 26.Nxc7 Qxc7 27.Rac1 Qd7 28.Bxe4 f5
29.Bg2 Rfe8 30.Qd2 Bg6 31.e3 Bf7 32.Ne2 Re5 33.Nf4 Ree8 34.Rc2 Rec8 35.
Rfc1 a5 36.Rxc8+ Rxc8 37.Rxc8+ Qxc8 38.bxa5 Qc3 39.Qxc3 Bxc3 40.Ne2 Be5 
41.Nf4 Kg7 42.Kf1 Kf6 43.Ke2 Bc3 44.Kd3 Bxa5 45.Kc4 Be8 46.Nd3 Ba4 47.Nb4 
Ke5 48.Nd3+ Kf6 49.Nb4 Bd8 50.Nd3 Bd1 51.Nb4 Be2+ 52.Kd4 Bb6+ 53.Kc3 Bc5 
54.a4 Bb6 55.Kd2 Ba5 56.Kxe2 Bxb4 57.Kd3 Ke5 58.Bh1 Ba5 1/2-1/2

[Event "48th Bosna it"]
[Site "Sarajevo BIH"]
[Date "2018.05.06"]
[Round "2.36"]
[White "Hoeneveld, Maarten"]
[Black "Markovic, Rade"]
[Result "1-0"]
[WhiteElo "2045"]
[BlackElo "1767"]
[EventDate "2018.05.05"]
[PlyCount "71"]

1.e4 e5 2.d4 Nc6 3.d5 Nce7 4.Nf3 Ng6 5.h4 h5 6.c4 Bc5 7.Nc3 Nf6 8.Bg5 d6 
9.b4 Bb6 10.Be2 Bg4 11.Nd2 Bd4 12.Rc1 a5 13.b5 Bxe2 14.Nxe2 Bb6 15.a4 Qd7 
16.Bxf6 gxf6 17.Ng3 Nf4 18.O-O Rg8 19.Rc3 Rg4 20.Nb3 Bd4 21.Nxd4 exd4 22.
Rf3 O-O-O 23.Qxd4 Rxh4 24.Qa7 Qg4 25.Qa8+ Kd7 26.Qxb7 Ke7 27.Rxf4 Qxf4 28.
Nf5+ Kf8 29.Nxh4 Qxh4 30.Qxc7 f5 31.exf5 Qg5 32.b6 Qe7 33.Rb1 Re8 34.f6 
Qe4 35.Qxd6+ Kg8 36.Qg3+ 1-0

[Event "48th Bosna it"]
[Site "Sarajevo BIH"]
[Date "2018.05.06"]
[Round "2.37"]
[White "Erceg, Slobodan"]
[Black "Jovovic, Milan"]
[Result "1-0"]
[WhiteElo "1791"]
[BlackElo "2042"]
[EventDate "2018.05.05"]
[PlyCount "35"]

1.Nf3 Nf6 2.g3 c5 3.Bg2 Nc6 4.O-O b6 5.d4 cxd4 6.Nxd4 Bb7 7.Nc3 g6 8.Bf4 
Qc8 9.Ndb5 d6 10.Bg5 Nd7 11.Nd5 f6 12.Ndc7+ Kf7 13.Qd5+ Kg7 14.Ne6+ Kf7 
15.Nbc7 fxg5 16.Nxg5+ Kf6 17.Qf7+ Kxg5 18.Qf4+ 1-0

[Event "48th Bosna it"]
[Site "Sarajevo BIH"]
[Date "2018.05.06"]
[Round "2.38"]
[White "Urh, Zala"]
[Black "Lakota, Izet"]
[Result "1-0"]
[WhiteElo "2040"]
[BlackElo "1761"]
[EventDate "2018.05.05"]
[PlyCount "65"]

1.d4 d5 2.c4 c6 3.Nf3 dxc4 4.a4 b5 5.axb5 cxb5 6.b3 cxb3 7.Qxb3 a6 8.Nc3 
Bb7 9.e4 Nd7 10.Nxb5 Bxe4 11.Bc4 e6 12.Bxe6 fxe6 13.Qxe6+ Qe7 14.Nd6+ Kd8 
15.Qxe7+ Kxe7 16.Nxe4 Ngf6 17.Ba3+ Kf7 18.Nxf6 Nxf6 19.Ne5+ Ke6 20.Kd2 
Bxa3 21.Rxa3 Rhd8 22.Kd3 Kf5 23.Rha1 Rd6 24.Ra5 Ke6 25.Nc4 Rc6 26.Re1+ Kd7
27.Ne5+ Kd6 28.Nxc6 Kxc6 29.Re6+ Kb7 30.d5 Rd8 31.Kd4 Rd7 32.Rexa6 Nxd5 
33.Ra7+ 1-0

[Event "48th Bosna it"]
[Site "Sarajevo BIH"]
[Date "2018.05.06"]
[Round "2.39"]
[White "Basic, Nemanja"]
[Black "Mahmutbegovic, Muharem"]
[Result "1-0"]
[WhiteElo "1763"]
[BlackElo "2039"]
[EventDate "2018.05.05"]
[PlyCount "49"]

1.e4 c5 2.Nf3 d6 3.d4 cxd4 4.Nxd4 Nf6 5.Nc3 Nc6 6.Bg5 Qb6 7.Nb3 e6 8.Be3 
Qd8 9.Be2 Be7 10.Qd2 O-O 11.O-O-O a6 12.g4 b5 13.g5 Nd7 14.f4 Nb6 15.h4 
Nc4 16.Bxc4 bxc4 17.Nd4 Bb7 18.Rhg1 Qa5 19.h5 Nxd4 20.Qxd4 d5 21.h6 f6 22.
gxf6 Bxf6 23.e5 Bh4 24.Rxg7+ Kh8 25.Rxb7 1-0

[Event "48th Bosna it"]
[Site "Sarajevo BIH"]
[Date "2018.05.06"]
[Round "2.40"]
[White "Nestorovic, Katarina"]
[Black "Rakita, Jandrija"]
[Result "1-0"]
[WhiteElo "2038"]
[BlackElo "1688"]
[EventDate "2018.05.05"]
[PlyCount "111"]

1.e4 e5 2.Bc4 Nf6 3.d3 h6 4.Nc3 Be7 5.f4 exf4 6.Bxf4 d6 7.Nf3 Nc6 8.O-O 
Na5 9.Bb3 Nxb3 10.axb3 Bg4 11.Qe1 Nh5 12.Be3 O-O 13.Nd5 c6 14.Nxe7+ Qxe7 
15.Nh4 Kh7 16.Nf5 Bxf5 17.Rxf5 g6 18.Rf3 Ng7 19.Qd2 h5 20.Bd4 c5 21.Bf6 
Qd7 22.Raf1 Ne6 23.Qf2 Kg8 24.Qh4 Nd4 25.R3f2 Qg4 26.Qxg4 hxg4 27.Kh1 Rae8
28.Rf4 Ne6 29.Rxg4 Ng7 30.h4 Nh5 31.Bc3 Re6 32.Rf5 Kh7 33.Rf3 f5 34.exf5 
Rxf5 35.Rxf5 gxf5 36.Rg5 Kh6 37.Kh2 f4 38.Rd5 Kg6 39.b4 b6 40.d4 cxd4 41.
Bxd4 Ng3 42.Kh3 Nf5 43.h5+ Kg5 44.Bg7 Re3+ 45.Kh2 Kg4 46.h6 Ng3 47.Rd1 Re2
48.h7 f3 49.Rd4+ Ne4 50.Rxe4+ Rxe4 51.gxf3+ Kxf3 52.h8=Q Re2+ 53.Kh3 Rxc2 
54.Qh5+ Ke3 55.Bh6+ Kd4 56.Qd1+ 1-0